[Event "FIDE Online Olympiad"]
[Site "Chess.com"]
[Date "2020.08.01"]
[EventDate "2020.07.31"]
[Round "6"]
[Result "1-0"]
[White "Equitable Brown"]
[Black "Taffin Khan"]
[WhiteElo "2064"]
[BlackElo "1989"]
[PlyCount "73"]

1. d4 d5 2. c4 e6 3. Nc3 f5 4. Nf3 Nf6 5. g3 c6 6. Bg2 Bd6
7. c5 Bc7 8. Bf4 O-O 9. O-O h6 10. b4 Ne4 11. Qc2 Nd7 12. Bxc7
Qxc7 13. a4 e5 14. dxe5 Nxe5 15. Nd4 Ng4 16. e3 Ngf6 17. Nce2
Ng4 18. Rac1 Qe5 19. Nf4 Nexf2 20. Rxf2 Qxe3 21. Qd2 Qxf2+
22. Qxf2 Nxf2 23. Kxf2 g5 24. Nd3 Bd7 25. Ne5 Be8 26. b5 Rc8
27. Bf1 Kg7 28. bxc6 bxc6 29. Ba6 Rb8 30. Ne6+ Kg8 31. Nxf8
Kxf8 32. Re1 Rb4 33. Ra1 Rb2+ 34. Kg1 Ke7 35. Bc8 Kf6 36. Re1
Rb8 37. Bd7 1-0

[Event "FIDE Online Olympiad"]
[Site "Chess.com"]
[Date "2020.08.01"]
[EventDate "2020.07.31"]
[Round "6"]
[Result "1-0"]
[White "Wendell Meusa"]
[Black "Malik Curriah"]
[WhiteElo "1987"]
[BlackElo "1886"]
[PlyCount "147"]

1. e4 c5 2. Nf3 d6 3. Bb5+ Bd7 4. Bxd7+ Qxd7 5. O-O Nf6 6. Re1
Nc6 7. c3 e6 8. d4 cxd4 9. cxd4 d5 10. e5 Ne4 11. Nbd2 Bb4
12. Nxe4 dxe4 13. Rxe4 O-O 14. Bd2 Be7 15. h4 Rac8 16. h5 Rfd8
17. Qe2 Qd5 18. Rg4 f5 19. exf6 Bxf6 20. Bc3 b5 21. a3 a5
22. Rd1 e5 23. Rd2 e4 24. Qxe4 b4 25. axb4 axb4 26. h6 bxc3
27. bxc3 Qxe4 28. Rxe4 Na5 29. Ra2 Nb7 30. hxg7 Rxc3 31. Ra7
Nd6 32. Re6 Ne8 33. Ne5 Bxg7 34. Nf7 Rdc8 35. Ree7 Bf8
36. Red7 R3c7 37. Ng5 Rxa7 38. Rxa7 Rc7 39. Ra8 Nd6 40. Rxf8+
Kxf8 41. Ne6+ Ke7 42. Nxc7 Nf5 43. Nb5 Ke6 44. g4 Nh4 45. Kh2
Kd5 46. Kg3 Ng6 47. f4 Kc4 48. f5 Nf8 49. Nc7 Nd7 50. Ne6 Kd5
51. Kf4 h6 52. Ke3 Nf6 53. Nf4+ Kc4 54. Nh5 Nxg4+ 55. Kf3 Nh2+
56. Ke4 Ng4 57. f6 Nxf6+ 58. Nxf6 Kb5 59. Ke5 Kc6 60. Ke6 Kc7
61. Ke7 h5 62. Nxh5 Kc6 63. Nf6 Kc7 64. d5 Kb6 65. d6 Kc5
66. d7 Kc6 67. d8=Q Kb7 68. Qd6 Kc8 69. Qc6+ Kb8 70. Nd5 Ka7
71. Qb5 Ka8 72. Kd7 Ka7 73. Kc7 Ka8 74. Qb7# 1-0

[Event "FIDE Online Olympiad"]
[Site "Chess.com"]
[Date "2020.08.01"]
[EventDate "2020.07.31"]
[Round "6"]
[Result "1-0"]
[White "Raehanna Brown"]
[Black "Maria Varona-Thomas"]
[WhiteElo "1540"]
[BlackElo "1733"]
[PlyCount "103"]

1. c4 Nf6 2. Nc3 g6 3. e4 d6 4. d4 Bg7 5. Nf3 O-O 6. Be2 e5
7. d5 Nbd7 8. O-O Nc5 9. Qc2 a5 10. Ne1 Ne8 11. Be3 b6 12. f3
f5 13. Nd3 Nxd3 14. Bxd3 f4 15. Bf2 g5 16. a3 Nf6 17. b4 axb4
18. axb4 Rxa1 19. Rxa1 h5 20. c5 bxc5 21. bxc5 g4 22. cxd6
cxd6 23. Ra8 Qc7 24. Nb5 Qxc2 25. Bxc2 Bd7 26. Rxf8+ Bxf8
27. Na3 Kf7 28. Nc4 Bb5 29. Bb3 Bxc4 30. Bxc4 Be7 31. Bb5 Nh7
32. Bb6 g3 33. Bd7 Nf8 34. Bc6 h4 35. h3 Nh7 36. Kf1 Ng5
37. Ke2 Bf8 38. Bd8 Be7 39. Bb6 Bf8 40. Kd3 Be7 41. Kc4 Bf8
42. Bd7 Ke7 43. Bg4 Nf7 44. Kb5 Nd8 45. Ka6 Ke8 46. Ka7 Be7
47. Kb8 Nf7 48. Kc8 Nh6 49. Bh5+ Kf8 50. Kd7 Ng8 51. Ke6 Nf6
52. Bg6 1-0

[Event "FIDE Online Olympiad"]
[Site "Chess.com"]
[Date "2020.08.01"]
[EventDate "2020.07.31"]
[Round "6"]
[Result "1-0"]
[White "Darren McKennis"]
[Black "Rajiv Adhikari Lee"]
[WhiteElo "1607"]
[BlackElo "1530"]
[PlyCount "49"]

1. d4 d5 2. c4 c6 3. Nc3 Nf6 4. Nf3 Bg4 5. Ne5 Nbd7 6. Nxg4
Nxg4 7. cxd5 cxd5 8. e4 Ngf6 9. e5 Ng8 10. Nxd5 e6 11. Nc3 Ne7
12. Bd3 Nc6 13. Be4 Qb6 14. Bxc6 Qxc6 15. O-O Bb4 16. Qd3 O-O
17. f4 Rad8 18. Be3 Nxe5 19. fxe5 Rd7 20. Rf4 Be7 21. Raf1 Bg5
22. Rg4 Bxe3+ 23. Qxe3 Rfd8 24. Qh6 g6 25. Ne4 1-0

[Event "FIDE Online Olympiad"]
[Site "Chess.com"]
[Date "2020.08.01"]
[EventDate "2020.07.31"]
[Round "6"]
[Result "1-0"]
[White "Serguei Gontcharov"]
[Black "Kevin Cupid"]
[WhiteElo "1839"]
[BlackElo "2162"]
[PlyCount "21"]

1. e4 c6 2. d4 d5 3. e5 a6 4. c4 Be6 5. c5 Nd7 6. f4 g6 7. Bd3
h5 8. Nf3 Nh6 9. Nh4 b6 10. Nxg6 Bf5 11. Nxh8 1-0

[Event "FIDE Online Olympiad"]
[Site "Chess.com"]
[Date "2020.08.01"]
[EventDate "2020.07.31"]
[Round "6"]
[Result "1-0"]
[White "Ryan Harper"]
[Black "Moses Mufandaedza"]
[WhiteElo "2198"]
[BlackElo "1962"]
[PlyCount "35"]

1. e4 g6 2. d4 Bg7 3. Nc3 d6 4. Be3 a6 5. h4 h5 6. Nh3 b5
7. Ng5 Bb7 8. a3 Nd7 9. f4 c5 10. e5 cxd4 11. e6 Kf8 12. exf7
Qb6 13. fxg8=Q+ Kxg8 14. Bf2 Qa5 15. Bxd4 Nf6 16. Qe2 b4
17. Qe6+ Kf8 18. Qf7# 1-0

[Event "FIDE Online Olympiad"]
[Site "Chess.com"]
[Date "2020.08.01"]
[EventDate "2020.07.31"]
[Round "6"]
[Result "1-0"]
[White "Zuzana Kovacova"]
[Black "Shemilah James"]
[WhiteElo "2011"]
[BlackElo "1494"]
[PlyCount "75"]

1. e4 e5 2. Nf3 Nc6 3. Bb5 a6 4. Ba4 Nf6 5. O-O b5 6. Bb3 Be7
7. Qe2 O-O 8. c3 d6 9. Rd1 Bg4 10. h3 Bh5 11. d4 exd4 12. cxd4
Qc8 13. Nc3 Re8 14. Bg5 h6 15. Bh4 Nh7 16. Bxe7 Rxe7 17. Bd5
Qd7 18. Rac1 Nf6 19. Bxc6 Qxc6 20. Re1 Qd7 21. Qd3 Rae8
22. Nd2 Bg6 23. Qf3 Nh7 24. Nd5 Re6 25. Nxc7 Ng5 26. Qg4 f5
27. Qg3 fxe4 28. Nxe6 Qxe6 29. Nb3 d5 30. Rc7 Qf5 31. Rc6 Ne6
32. Qg4 Qxg4 33. hxg4 Bf7 34. Rxa6 Nf4 35. Rb6 Nd3 36. Re2 Ra8
37. a3 b4 38. axb4 1-0

[Event "FIDE Online Olympiad"]
[Site "Chess.com"]
[Date "2020.08.01"]
[EventDate "2020.07.31"]
[Round "6"]
[Result "1-0"]
[White "Gabriella Johnson"]
[Black "Olga Gontcharova"]
[WhiteElo "1733"]
[BlackElo "1333"]
[PlyCount "59"]

1. e4 d6 2. d4 Nf6 3. Nc3 e5 4. Nge2 c6 5. g3 Be7 6. Bg2 O-O
7. O-O Be6 8. h3 Nbd7 9. Kh2 Qc7 10. f4 Ng4+ 11. hxg4 Bxg4
12. f5 exd4 13. Qxd4 c5 14. Qe3 Ne5 15. Nd5 Qd8 16. Nec3 Bg5
17. Qxg5 Qxg5 18. Bxg5 f6 19. Bf4 Rad8 20. Bxe5 dxe5 21. Bf3
h5 22. Nb5 Kf7 23. Rad1 Rh8 24. Ne3 Rxd1 25. Bxd1 h4 26. Bxg4
hxg3+ 27. Kxg3 Rh2 28. Kxh2 g6 29. Rd1 g5 30. Nc7 1-0

[Event "FIDE Online Olympiad"]
[Site "Chess.com"]
[Date "2020.08.02"]
[EventDate "2020.07.31"]
[Round "7"]
[Result "1-0"]
[White "Tupfah Khumnorkaew"]
[Black "Shuaau Muhammed"]
[WhiteElo "1888"]
[BlackElo "1733"]
[PlyCount "89"]

1. e4 e5 2. Nf3 Nc6 3. Bb5 a6 4. Ba4 Nf6 5. O-O Be7 6. Re1 b5
7. Bb3 d6 8. c3 O-O 9. d3 h6 10. Nbd2 Re8 11. Nf1 Bf8 12. Ng3
g6 13. h3 Bg7 14. d4 exd4 15. cxd4 Na5 16. Bc2 Bb7 17. Bf4 Nc4
18. b3 Nb6 19. Qd2 Kh7 20. h4 d5 21. e5 Ne4 22. Nxe4 dxe4
23. Bxe4 Bxe4 24. Rxe4 Nd5 25. Rc1 Rc8 26. Qc2 Re6 27. Bg3 Bf8
28. h5 Qe7 29. Rg4 Nb4 30. Qe4 Nxa2 31. Re1 Nc3 32. Qd3 Nd5
33. Nh4 Qb4 34. Rc1 Ne7 35. f3 Rd8 36. Rxc7 Kh8 37. hxg6 h5
38. Rg5 Rxd4 39. Rxh5+ Kg8 40. gxf7+ Kxf7 41. Qf5+ Ke8
42. Qxe6 Rd2 43. Rh7 Qd4+ 44. Kh2 Qd8 45. Qf7# 1-0

[Event "FIDE Online Olympiad"]
[Site "Chess.com"]
[Date "2020.08.02"]
[EventDate "2020.07.31"]
[Round "7"]
[Result "1-0"]
[White "Manunthon Atikankhotchasee"]
[Black "Zaura Abdulla"]
[WhiteElo "1549"]
[BlackElo "1354"]
[PlyCount "57"]

1. d4 d5 2. Bg5 Nc6 3. Nf3 h6 4. Bh4 f6 5. Bg3 Bg4 6. h3 Bxf3
7. exf3 e5 8. dxe5 fxe5 9. f4 e4 10. Qh5+ Kd7 11. Qg4+ Kd6
12. f5+ Ke7 13. Nc3 Nf6 14. Qd1 Qd7 15. Bb5 Rd8 16. O-O a6
17. Ba4 b5 18. Bb3 d4 19. Be6 Qe8 20. Ne2 g6 21. Bxc7 Ra8
22. Nxd4 gxf5 23. Bxf5 Kf7 24. Re1 Bc5 25. Ne6 Qe7 26. Rxe4
Nxe4 27. Qh5+ Kg8 28. Qg6+ Qg7 29. Qxg7# 1-0

[Event "FIDE Online Olympiad"]
[Site "Chess.com"]
[Date "2020.08.02"]
[EventDate "2020.07.31"]
[Round "7"]
[Result "1-0"]
[White "Chawit Asavasaetakul"]
[Black "Mujahid Bin Yazeed"]
[WhiteElo "1666"]
[BlackElo "1189"]
[PlyCount "99"]

1. d4 c5 2. c3 e6 3. Nf3 Be7 4. e4 d6 5. Bd3 Nf6 6. Bg5 Nc6
7. Qe2 Nd7 8. Bxe7 Qxe7 9. e5 cxd4 10. cxd4 Nb4 11. O-O Nxd3
12. Qxd3 O-O 13. Nc3 b6 14. Rfe1 dxe5 15. Nxe5 Bb7 16. Qg3
Rac8 17. d5 Nc5 18. Rad1 f6 19. d6 Qd8 20. Nd3 e5 21. Nxc5
Rxc5 22. Ne4 Bxe4 23. Rxe4 Qd7 24. Qb3+ Kh8 25. Rc4 Rfc8
26. Rxc5 Rxc5 27. Qd3 Kg8 28. b4 Rc6 29. Qd5+ Kf8 30. Qxc6
Qxc6 31. d7 Qc7 32. d8=Q+ Qxd8 33. Rxd8+ Ke7 34. Ra8 a5
35. bxa5 bxa5 36. Rxa5 h5 37. Rb5 g6 38. a4 Kd7 39. a5 Kc6
40. Rb2 Kc7 41. a6 h4 42. a7 g5 43. a8=Q h3 44. Qb8+ Kc6
45. Rc2+ Kd7 46. Qc8+ Kd6 47. Rd2+ Ke7 48. Qd7+ Kf8 49. Ra2
Kg8 50. Ra8# 1-0

[Event "FIDE Online Olympiad"]
[Site "Chess.com"]
[Date "2020.08.02"]
[EventDate "2020.07.31"]
[Round "7"]
[Result "1-0"]
[White "Raymond Song"]
[Black "Mehul Gohil"]
[WhiteElo "2254"]
[BlackElo "2033"]
[PlyCount "67"]

1. d4 d5 2. c4 e6 3. Nf3 Nf6 4. g3 b6 5. Bg2 Bb7 6. O-O dxc4
7. Na3 Bxa3 8. Qa4+ Nbd7 9. Qxa3 Qe7 10. Qa4 O-O 11. Qxc4 c5
12. dxc5 Nxc5 13. Be3 Rac8 14. Rac1 Rfd8 15. Qh4 Nd5 16. Bg5
f6 17. Bd2 a5 18. Rfd1 e5 19. Be1 Rc7 20. a3 Rcd7 21. Bh3 Rd6
22. b4 axb4 23. axb4 Ne6 24. Qc4 b5 25. Qb3 Kf7 26. Ra1 g6
27. Ra7 R6d7 28. Rxb7 Rxb7 29. Rxd5 Rb6 30. e4 Kg7 31. Bxe6
Qxe6 32. Qe3 Rc8 33. Bd2 Rc4 34. Qh6+ 1-0

[Event "FIDE Online Olympiad"]
[Site "Chess.com"]
[Date "2020.08.02"]
[EventDate "2020.07.31"]
[Round "7"]
[Result "1-0"]
[White "Martin Njoroge"]
[Black "Yeh Yang Liu"]
[WhiteElo "1781"]
[BlackElo "2004"]
[PlyCount "81"]

1. Nf3 c5 2. c4 Nc6 3. d4 cxd4 4. Nxd4 e5 5. Nc2 Nf6 6. Nc3
Bc5 7. Be3 Be7 8. g3 O-O 9. Bg2 d6 10. O-O Be6 11. Nd5 Qd7
12. Rc1 h6 13. b4 e4 14. a3 Ne5 15. Nxe7+ Qxe7 16. c5 d5
17. Bf4 Nc4 18. Ne3 Nxe3 19. Bxe3 Rfd8 20. Qd4 a6 21. Qb2 Qd7
22. Bxh6 d4 23. Bg5 Qd5 24. Bxf6 gxf6 25. f3 f5 26. fxe4 fxe4
27. Rf6 Qg5 28. Rcf1 Kg7 29. R1f4 e3 30. Bxb7 Ra7 31. Bf3 Qxf6
32. Rxf6 Kxf6 33. Qc2 Bf5 34. Qc4 Be6 35. Qc1 Ke5 36. Qf1 f5
37. Bg2 Kf6 38. Qf4 Rh7 39. h4 Rdd7 40. c6 Rd8 41. Qg5+ 1-0

[Event "FIDE Online Olympiad"]
[Site "Chess.com"]
[Date "2020.08.02"]
[EventDate "2020.07.31"]
[Round "7"]
[Result "1-0"]
[White "Ching-An Shih"]
[Black "Lucy Wanjiru"]
[WhiteElo "1680"]
[BlackElo "1349"]
[PlyCount "125"]

1. d4 d5 2. Nf3 Nf6 3. e3 g6 4. c4 c6 5. Nc3 Bg7 6. h3 O-O
7. Bd3 Nbd7 8. O-O Qc7 9. cxd5 Nxd5 10. Nxd5 cxd5 11. Bd2 b6
12. Rc1 Qd6 13. Bc3 Bb7 14. Qb3 a5 15. Bb5 Nf6 16. a4 Ne4
17. Rfd1 Nxc3 18. Rxc3 Rfc8 19. Rdc1 Rxc3 20. Rxc3 Rc8
21. Rxc8+ Bxc8 22. Qc3 Bd7 23. Bxd7 Qxd7 24. b3 f6 25. Ne1 Bf8
26. Nd3 e6 27. Qc2 Bd6 28. Qc3 Kf7 29. f4 Qc7 30. Qxc7+ Bxc7
31. Kf2 h5 32. g4 hxg4 33. hxg4 Bd6 34. Kf3 Ke7 35. Ke2 Kd7
36. Kd2 Kc6 37. Kc3 b5 38. axb5+ Kxb5 39. Kc2 a4 40. bxa4+
Kxa4 41. Kc3 Kb5 42. Kb3 Be7 43. Kc3 Ka4 44. Kc2 Bb4 45. Nb2+
Ka3 46. Nd3 Bd6 47. Kc3 Be7 48. Nc5 e5 49. fxe5 fxe5 50. Ne6
Bf6 51. Nc7 exd4+ 52. exd4 Ka4 53. Nxd5 Bh4 54. Kc4 Bg3
55. Ne7 g5 56. d5 Bd6 57. Nf5 Bf4 58. d6 Ka5 59. Kc5 Ka6
60. Kc6 Bxd6 61. Kxd6 Kb5 62. Ke5 Kc6 63. Kf6 1-0

[Event "FIDE Online Olympiad"]
[Site "Chess.com"]
[Date "2020.08.02"]
[EventDate "2020.07.31"]
[Round "7"]
[Result "1-0"]
[White "Ting-Hao Wang"]
[Black "Robert Mcligeyo"]
[WhiteElo "1788"]
[BlackElo "1408"]
[PlyCount "69"]

1. e4 c6 2. Nf3 d5 3. exd5 cxd5 4. Ne5 Nf6 5. d4 Nc6 6. Bb5
Qc7 7. Bf4 Qb6 8. c4 e6 9. Nc3 Bb4 10. O-O O-O 11. c5 Qa5
12. Nxc6 bxc6 13. Bxc6 Ba6 14. Bxa8 Bxf1 15. Kxf1 Rxa8 16. Ne2
Qb5 17. a3 Ba5 18. b4 Bd8 19. Kg1 a5 20. Rb1 axb4 21. axb4 Ne4
22. f3 Nf6 23. Nc1 Ne8 24. Qd3 Qa4 25. b5 Bf6 26. Ne2 Qa7
27. b6 Qb7 28. Qb5 Rc8 29. Ra1 Ra8 30. Rxa8 Qxa8 31. b7 Qa1+
32. Kf2 Bxd4+ 33. Nxd4 Qxd4+ 34. Be3 Qh4+ 35. Ke2 1-0

[Event "FIDE Online Olympiad"]
[Site "Chess.com"]
[Date "2020.08.02"]
[EventDate "2020.07.31"]
[Round "7"]
[Result "1-0"]
[White "Yu Dong Michael Deng"]
[Black "Bibek Thing"]
[WhiteElo "1749"]
[BlackElo "2081"]
[PlyCount "121"]

1. d4 Nf6 2. c4 e6 3. Nf3 d5 4. Nc3 Be7 5. Bg5 h6 6. Bh4 O-O
7. e3 Ne4 8. Bxe7 Qxe7 9. Rc1 Nxc3 10. Rxc3 c6 11. Bd3 dxc4
12. Bxc4 Nd7 13. O-O e5 14. dxe5 Nxe5 15. Nxe5 Qxe5 16. f4 Qe7
17. f5 Qf6 18. Qf3 Re8 19. Kh1 a5 20. a4 b6 21. Bb5 Bb7
22. Bxc6 Bxc6 23. Rxc6 Qxb2 24. f6 g6 25. Rc4 Qe5 26. e4 Rac8
27. Rxc8 Rxc8 28. Qe3 Rc6 29. Qxh6 Rxf6 30. Rc1 Re6 31. Rc8+
Re8 32. Rxe8+ Qxe8 33. Qe3 Qxa4 34. h3 Qa1+ 35. Kh2 Qe5+
36. Kh1 Qc5 37. Qg3 a4 38. Qb8+ Kg7 39. e5 a3 40. Qa7 Qc1+
41. Kh2 Qf4+ 42. Kh1 Qc1+ 43. Kh2 Qf4+ 44. Kh1 Qxe5 45. Qxa3
b5 46. Qb4 Qd5 47. Kg1 Qc4 48. Qb2+ Kh7 49. Kf2 b4 50. Ke3 b3
51. Kd2 g5 52. Qb1+ Kh6 53. Qb2 Kg6 54. Qb1+ f5 55. Qb2 f4
56. Qb1+ Qc2+ 57. Qxc2+ bxc2 58. Kxc2 Kh5 59. Kd2 Kh4 60. Ke2
Kg3 61. Kf1 1-0

[Event "FIDE Online Olympiad"]
[Site "Chess.com"]
[Date "2020.08.02"]
[EventDate "2020.07.31"]
[Round "7"]
[Result "1-0"]
[White "Rupesh Jaiswal"]
[Black "Lut Yin Luke Lau"]
[WhiteElo "2020"]
[BlackElo "1944"]
[PlyCount "105"]

1. d4 d5 2. Bf4 Nf6 3. e3 e6 4. Nf3 c5 5. c3 Nc6 6. Nbd2 Bd6
7. Bg3 O-O 8. Bd3 b6 9. O-O Bb7 10. Ne5 Qc7 11. f4 Ne7 12. Qb1
Ng6 13. Qc2 Rac8 14. Rae1 c4 15. Bxg6 hxg6 16. Bh4 Ne4
17. Nexc4 dxc4 18. Nxe4 Qc6 19. Nxd6 Qxd6 20. e4 Rfe8 21. Re3
f5 22. exf5 exf5 23. Re5 Be4 24. Qf2 Kf7 25. Re1 Qc6 26. Qg3
Rxe5 27. fxe5 Kg8 28. Bg5 Re8 29. Bf4 Re6 30. Qg5 Qa4 31. a3
Qc2 32. Bc1 Qd3 33. Qd8+ Kh7 34. Qh4+ Kg8 35. Qd8+ Kh7 36. Qg5
Bd5 37. Qh4+ Kg8 38. Qd8+ Kh7 39. Qxd5 Re8 40. Qf3 Qc2 41. Qe2
Qa4 42. d5 Qb5 43. Rd1 Rd8 44. d6 Qc5+ 45. Qe3 Qc6 46. Qf3
Qc5+ 47. Qe3 Qc6 48. Qd4 Kg8 49. Bg5 Rd7 50. e6 Rb7 51. d7 Rb8
52. e7 Qe6 53. d8=Q+ 1-0

[Event "FIDE Online Olympiad"]
[Site "Chess.com"]
[Date "2020.08.02"]
[EventDate "2020.07.31"]
[Round "7"]
[Result "1-0"]
[White "Jing Xin Crystal Deng"]
[Black "Sujana Lohani"]
[WhiteElo "1575"]
[BlackElo "1476"]
[PlyCount "73"]

1. d4 Nf6 2. c4 g6 3. Nc3 Bg7 4. e4 d6 5. f3 O-O 6. Be3 Nbd7
7. Bd3 c5 8. Nge2 cxd4 9. Nxd4 Ne5 10. Be2 Bd7 11. O-O Rc8
12. b3 Nc6 13. Qd2 Nxd4 14. Bxd4 Bc6 15. Rab1 e5 16. Be3 Qc7
17. b4 b6 18. Rfd1 Rfd8 19. Bg5 Rd7 20. Rbc1 Ne8 21. b5 Ba8
22. Nd5 Bxd5 23. cxd5 Qb7 24. Rc6 Rdc7 25. Rdc1 f6 26. Be3 Bf8
27. a4 Kf7 28. a5 bxa5 29. Qxa5 Rxc6 30. dxc6 Qc7 31. Qxa7 Be7
32. Qxc7 Nxc7 33. b6 Ne6 34. b7 Re8 35. c7 Nxc7 36. Rxc7 Kf8
37. Rc8 1-0

[Event "FIDE Online Olympiad"]
[Site "Chess.com"]
[Date "2020.08.02"]
[EventDate "2020.07.31"]
[Round "7"]
[Result "1-0"]
[White "Han Thiha Sai"]
[Black "Salman Al Mahmood"]
[WhiteElo "1768"]
[BlackElo "1588"]
[PlyCount "69"]

1. d4 d6 2. e4 g6 3. Nc3 Bg7 4. Nf3 Nd7 5. Bc4 e5 6. Be3 Ngf6
7. dxe5 dxe5 8. h3 c6 9. a4 Qc7 10. O-O O-O 11. Qd2 Nh5
12. Rfd1 Nf4 13. Qd6 Qxd6 14. Rxd6 Nb6 15. Bb3 Be6 16. g3 Bxb3
17. cxb3 Ne6 18. a5 Nc8 19. Rd7 b6 20. b4 f5 21. exf5 gxf5
22. Ng5 Nd4 23. Bxd4 exd4 24. Ne2 Bf6 25. Ne6 Rf7 26. Rxf7
Kxf7 27. N6xd4 Bxd4 28. Nxd4 Ne7 29. axb6 a6 30. b5 cxb5
31. Nxb5 Rb8 32. Rxa6 Nc8 33. Nd4 Nxb6 34. Nxf5 Nc8 35. Rc6
1-0

[Event "FIDE Online Olympiad"]
[Site "Chess.com"]
[Date "2020.08.02"]
[EventDate "2020.07.31"]
[Round "7"]
[Result "1-0"]
[White "Abdul Zahirul Zazali"]
[Black "Aaditya Kailas Bhattbhatt"]
[WhiteElo "1695"]
[BlackElo "1460"]
[PlyCount "53"]

1. e4 e5 2. Nf3 Nc6 3. Bc4 Bc5 4. c3 Nf6 5. d4 exd4 6. cxd4
Bb4+ 7. Bd2 Bxd2+ 8. Nbxd2 O-O 9. O-O Re8 10. e5 Ng4 11. h3
Nh6 12. Re1 Nf5 13. Ne4 d5 14. exd6 Nxd6 15. Nxd6 cxd6 16. Qb3
Re7 17. Bxf7+ Rxf7 18. Ng5 Qf8 19. Nxf7 Nxd4 20. Qa4 Bxh3
21. Qxd4 Qxf7 22. gxh3 Qf3 23. Qg4 Qc6 24. Re7 g6 25. Qe6+ Kh8
26. Qf6+ Kg8 27. Qg7# 1-0

[Event "FIDE Online Olympiad"]
[Site "Chess.com"]
[Date "2020.08.02"]
[EventDate "2020.07.31"]
[Round "8"]
[Result "1-0"]
[White "Shuaau Muhammed"]
[Black "Yusuf Mdoe"]
[WhiteElo "1733"]
[BlackElo "1712"]
[PlyCount "59"]

1. e4 c5 2. Nf3 Nc6 3. d4 cxd4 4. Nxd4 d6 5. Nc3 e6 6. Be3 Bd7
7. Qd2 Nf6 8. f3 Be7 9. O-O-O O-O 10. g4 a6 11. g5 Ne8 12. h4
b5 13. Nxc6 Bxc6 14. h5 Nc7 15. Kb1 b4 16. Ne2 Nb5 17. Nc1 a5
18. g6 Qc7 19. h6 fxg6 20. hxg7 Rxf3 21. Bxb5 Bxb5 22. Qh2 h5
23. Qg2 Rf6 24. Bg5 Rf7 25. Bxe7 Qxe7 26. Qxg6 Rxg7 27. Qxh5
Qb7 28. Rdg1 Qxe4 29. Qh8+ Kf7 30. Qxg7+ 1-0

[Event "FIDE Online Olympiad"]
[Site "Chess.com"]
[Date "2020.08.02"]
[EventDate "2020.07.31"]
[Round "8"]
[Result "1-0"]
[White "Nurdin Hassuji"]
[Black "Noor Farooq"]
[WhiteElo "1763"]
[BlackElo "1706"]
[PlyCount "79"]

1. e4 e6 2. d4 d5 3. exd5 exd5 4. Nf3 Bd6 5. Bd3 Ne7 6. O-O
O-O 7. Bg5 f6 8. Be3 Bf5 9. Re1 c6 10. Nh4 Bxd3 11. Qxd3 f5
12. Bg5 Qd7 13. Nd2 Na6 14. Ndf3 Nc7 15. Bxe7 Bxe7 16. Ne5 Qc8
17. Nhf3 Ne8 18. Nxc6 bxc6 19. Rxe7 Nd6 20. Ng5 Qd8 21. Rxg7+
Kxg7 22. Ne6+ Kh8 23. Nxd8 Raxd8 24. Re1 Rf7 25. h3 Rg8
26. Re6 Ne4 27. f3 Ng5 28. Rh6 Rfg7 29. Qe2 Nf7 30. Rxc6 Ng5
31. Kh2 Nf7 32. Ra6 f4 33. Rxa7 Ng5 34. Rxg7 Rxg7 35. Qe8+ Rg8
36. Qe5+ Rg7 37. Qxd5 h6 38. a4 Kh7 39. a5 Rf7 40. a6 1-0

[Event "FIDE Online Olympiad"]
[Site "Chess.com"]
[Date "2020.08.02"]
[EventDate "2020.07.31"]
[Round "8"]
[Result "1-0"]
[White "Zahabiyah Ebrahim"]
[Black "Shareef Aishath Alya Mohamed"]
[WhiteElo "1134"]
[BlackElo "1098"]
[PlyCount "47"]

1. d4 d5 2. Bf4 e6 3. e3 Nf6 4. Nf3 Be7 5. Bd3 O-O 6. c3 Nbd7
7. Nbd2 c5 8. O-O a6 9. h3 b6 10. Re1 Bb7 11. Ne5 c4 12. Bc2
b5 13. Qf3 Nb6 14. Bd1 h6 15. Qg3 Kh8 16. h4 Qe8 17. Qh3 Rd8
18. g4 Nh7 19. Ndf3 f6 20. Bc2 fxe5 21. Nxe5 Rg8 22. Ng6+ Qxg6
23. Bxg6 Rgf8 24. g5 1-0

[Event "FIDE Online Olympiad"]
[Site "Chess.com"]
[Date "2020.08.02"]
[EventDate "2020.07.31"]
[Round "8"]
[Result "1-0"]
[White "Ahmed Yoosuf Waseem"]
[Black "Cleophas Charles"]
[WhiteElo "1177"]
[BlackElo "1579"]
[PlyCount "109"]

1. e4 e5 2. Nf3 Nc6 3. d4 exd4 4. Bc4 Nf6 5. O-O Be7 6. Re1
O-O 7. Nxd4 Nxd4 8. Qxd4 d6 9. Nc3 Be6 10. Bxe6 fxe6 11. e5
Nd5 12. Nxd5 exd5 13. Qxd5+ Kh8 14. Qxb7 dxe5 15. Qe4 Bd6
16. Bd2 Qf6 17. Re2 Rab8 18. Bc3 Rfe8 19. Rae1 h6 20. Qe3 a6
21. Qg3 Rbd8 22. f4 Qe7 23. Bxe5 Bxe5 24. Rxe5 Qf8 25. Qe3
Rxe5 26. Qxe5 Qb4 27. c3 Qb6+ 28. Kf1 Rd2 29. Qe8+ Kh7
30. Qe4+ Qg6 31. Qxg6+ Kxg6 32. Re2 Rd1+ 33. Kf2 Kf6 34. g3
Rd6 35. Kf3 g6 36. Ke3 Kf5 37. Rd2 Rxd2 38. Kxd2 Kg4 39. Ke3
Kh3 40. Kf3 Kxh2 41. b4 Kh3 42. a4 g5 43. fxg5 hxg5 44. c4 g4+
45. Kf4 c6 46. b5 cxb5 47. cxb5 axb5 48. axb5 Kg2 49. Kxg4 Kf2
50. b6 Kg2 51. b7 Kh2 52. b8=Q Kg2 53. Qb2+ Kg1 54. Kf3 Kh1
55. Qg2# 1-0

[Event "FIDE Online Olympiad"]
[Site "Chess.com"]
[Date "2020.08.02"]
[EventDate "2020.07.31"]
[Round "8"]
[Result "1-0"]
[White "Ayyad Husain Abdulgalil Saleh"]
[Black "Aliuddin Azahari"]
[WhiteElo "2249"]
[BlackElo "2059"]
[PlyCount "75"]

1. e4 e5 2. Nf3 Nc6 3. d4 exd4 4. Bc4 Bc5 5. O-O Nf6 6. e5 d5
7. Bb5 Ne4 8. Nxd4 Bd7 9. Bxc6 bxc6 10. Be3 O-O 11. f3 Ng5
12. f4 Ne4 13. Nd2 Nxd2 14. Qxd2 Re8 15. Kh1 Bb6 16. Nb3 f6
17. Qc3 Qe7 18. Bc5 Qf7 19. Rae1 h6 20. h3 fxe5 21. fxe5 Qh5
22. Kh2 Rad8 23. a4 Bc8 24. a5 Bxc5 25. Nxc5 Kh8 26. Qd4 Re7
27. Nd3 a6 28. Rf3 Rde8 29. Ref1 Kg8 30. Qc5 Qg6 31. Qf2 Qe4
32. Rf7 c5 33. Rxe7 Rxe7 34. Qf8+ Kh7 35. Qxe7 c4 36. Nf4 Qxc2
37. Nh5 Qg6 38. Nf6+ 1-0

[Event "FIDE Online Olympiad"]
[Site "Chess.com"]
[Date "2020.08.02"]
[EventDate "2020.07.31"]
[Round "8"]
[Result "1-0"]
[White "Soon Wei Yee"]
[Black "Khalil Bukhalaf"]
[WhiteElo "2245"]
[BlackElo "1896"]
[PlyCount "67"]

1. e4 c6 2. d4 d5 3. Nc3 dxe4 4. Nxe4 Nf6 5. Nxf6+ gxf6 6. c3
Bf5 7. Ne2 Qd5 8. Ng3 Bg6 9. h4 h6 10. h5 Bh7 11. Qb3 Qxb3
12. axb3 e6 13. b4 Bg7 14. Be2 O-O 15. O-O Nd7 16. Bf3 Nb6
17. b5 Rfc8 18. bxc6 bxc6 19. Ra2 Bd3 20. Re1 Bc4 21. Ra5 Bf8
22. Be3 Nd5 23. Rea1 Rab8 24. Bc1 a6 25. Be2 Nb6 26. Bf4 Rb7
27. b3 Bxe2 28. Nxe2 Nd5 29. b4 Nc7 30. Bxc7 Rcxc7 31. Rxa6
Bd6 32. Ra8+ Kg7 33. Rd8 Re7 34. Rxd6 1-0

[Event "FIDE Online Olympiad"]
[Site "Chess.com"]
[Date "2020.08.02"]
[EventDate "2020.07.31"]
[Round "8"]
[Result "1-0"]
[White "Salman Al Mahmood"]
[Black "Abdul Zahirul Zazali"]
[WhiteElo "1588"]
[BlackElo "1695"]
[PlyCount "133"]

1. d4 d5 2. Nf3 Nf6 3. e3 c6 4. Bd3 e6 5. O-O Bd6 6. Nbd2 O-O
7. Qe2 Re8 8. Ne5 Nbd7 9. f4 c5 10. c3 Qc7 11. g4 h6 12. g5
hxg5 13. fxg5 Bxe5 14. dxe5 Ne4 15. Nxe4 dxe4 16. Bxe4 Qxe5
17. Qg2 Nb6 18. b3 Rb8 19. Bb2 c4 20. Qf3 Qxg5+ 21. Kh1 f5
22. Rad1 Re7 23. Rd8+ Kh7 24. Bc2 Rf7 25. Re8 g6 26. e4 Kg7
27. Bc1 Qh4 28. Rg1 Bd7 29. Rxb8 fxe4 30. Qxe4 Bc6 31. Rxg6+
Kh7 32. Rh6+ Kg7 33. Rxh4 Bxe4+ 34. Bxe4 Rf1+ 35. Kg2 Rxc1
36. Rh7+ Kf6 37. Rbxb7 cxb3 38. axb3 Rxc3 39. Rxa7 Rxb3
40. Rab7 Rb2+ 41. Kf3 Ke5 42. Rh5+ Kd6 43. Ra5 Rb3+ 44. Ke2
Rb4 45. Bf3 Rb2+ 46. Kd3 Rb3+ 47. Kc2 Rxf3 48. Rxb6+ Kc7
49. Rxe6 Rf2+ 50. Kd3 Rxh2 51. Ra7+ Kb8 52. Rf7 Rh8 53. Kd4
Rd8+ 54. Ke5 Rg8 55. Kf6 Rd8 56. Ree7 Rd6+ 57. Kg7 Rd8 58. Rf8
Kc8 59. Rxd8+ Kxd8 60. Kf6 Kc8 61. Ke6 Kd8 62. Kd6 Kc8 63. Rd7
Kb8 64. Rc7 Ka8 65. Kc6 Kb8 66. Kb6 Ka8 67. Rc8# 1-0